书目信息 |
| 题名: |
核磁共振找水仪原理与应用
|
|
| 作者: | 林君 , 段清明 , 王应吉 著 | |
| 分册: | ||
| 出版信息: | 北京 科学出版社 2011 |
|
| 页数: | 215页 | |
| 开本: | 26cm | |
| 丛书名: | 地球探测技术及仪器系列专著 | |
| 单 册: | ||
| 中图分类: | P641.72 , P641 | |
| 科图分类: | ||
| 主题词: | 地下水资源--核磁共振--找水仪 | |
| 电子资源: | ||
| ISBN: | 978-7-03-028357-3 | |
| 000 | 01241oam2 2200301 450 | |
| 001 | 2341104591 | |
| 005 | 20231220112545.26 | |
| 010 | @a978-7-03-028357-3@b精装@d79.00CNY | |
| 100 | @a20101229d2011 em y0chiy0120 ea | |
| 101 | 0 | @achi |
| 102 | @aCN@b110000 | |
| 105 | @aa z 000yy | |
| 200 | 1 | @a核磁共振找水仪原理与应用@Ahe ci gong zhen zhao shui yi yuan li yu ying yong@b专著@f林君,段清明,王应吉等著 |
| 210 | @a北京@c科学出版社@d2011 | |
| 215 | @a215页@c彩图@d26cm | |
| 225 | 2 | @a地球探测技术及仪器系列专著 |
| 312 | @a封面英文题名:Theory and design of magnetic resonance sounding instrument for groundwater detection and its applications | |
| 330 | @a本书系统地介绍了核磁共振地下水探测方法及仪器特点;应用领域、发展历史与现状、野外工作方法等,并指出了相关领域进一步研究的发展方向。 | |
| 410 | 0 | @1001002660711 |
| 510 | 1 | @aTheory and design of magnetic resonance sounding instrument for groundwater detection and its applications@zeng |
| 606 | 0 | @a地下水资源@x核磁共振@x找水仪 |
| 690 | @aP641.72@v5 | |
| 690 | @aP641@v4 | |
| 701 | 0 | @a林君@Alin jun@f(1954~)@4著 |
| 701 | 0 | @a段清明@Aduan qing ming@f(1966~)@4著 |
| 701 | 0 | @a王应吉@Awang ying ji@4著 |
| 801 | 2 | @aCN@b辽宁北配@c20231205 |
| 905 | @aBZT@dP641@e3 | |
| 核磁共振找水仪原理与应用/林君,段清明,王应吉等著.-北京:科学出版社,2011 |
| 215页:彩图;26cm.-(地球探测技术及仪器系列专著) |
| ISBN 978-7-03-028357-3(精装):79.00CNY |
| 本书系统地介绍了核磁共振地下水探测方法及仪器特点;应用领域、发展历史与现状、野外工作方法等,并指出了相关领域进一步研究的发展方向。 |
| ● |
| 相关链接 |
|
|
|
正题名:核磁共振找水仪原理与应用
索取号:P641/3
 
预约/预借
| 序号 | 登录号 | 条形码 | 馆藏地/架位号 | 状态 | 备注 |
| 1 | 2001606284 | 2001606284 | 辽三/辽宁北配(第三批)/2292/ [索取号:P641/3] | 在馆 | |
| 2 | 2001606285 | 2001606285 | 辽三/辽宁北配(第三批)/2292/ [索取号:P641/3] | 在馆 | |
| 3 | 2001606286 | 2001606286 | 辽三/辽宁北配(第三批)/2292/ [索取号:P641/3] | 在馆 | |
| 4 | 2001606287 | 2001606287 | 辽三/辽宁北配(第三批)/2292/ [索取号:P641/3] | 在馆 | |
| 5 | 2001606288 | 2001606288 | 辽三/辽宁北配(第三批)/2292/ [索取号:P641/3] | 在馆 | |
| 6 | 2001606289 | 2001606289 | 辽三/辽宁北配(第三批)/2292/ [索取号:P641/3] | 在馆 | |
| 7 | 2001606290 | 2001606290 | 辽三/辽宁北配(第三批)/2292/ [索取号:P641/3] | 在馆 | |
| 8 | 2001606291 | 2001606291 | 辽三/辽宁北配(第三批)/2292/ [索取号:P641/3] | 在馆 | |
| 9 | 2001606292 | 2001606292 | 辽三/辽宁北配(第三批)/2292/ [索取号:P641/3] | 在馆 | |
| 10 | 2001606293 | 2001606293 | 辽三/辽宁北配(第三批)/2292/ [索取号:P641/3] | 在馆 | |
| 11 | 2001606294 | 2001606294 | 辽三/辽宁北配(第三批)/2292/ [索取号:P641/3] | 在馆 | |
| 12 | 2001606295 | 2001606295 | 辽三/辽宁北配(第三批)/2292/ [索取号:P641/3] | 在馆 | |
| 13 | 2001606296 | 2001606296 | 辽三/辽宁北配(第三批)/2292/ [索取号:P641/3] | 在馆 | |
| 14 | 2001606297 | 2001606297 | 辽三/辽宁北配(第三批)/2292/ [索取号:P641/3] | 在馆 | |
| 15 | 2001606298 | 2001606298 | 辽三/辽宁北配(第三批)/2292/ [索取号:P641/3] | 在馆 | |
| 16 | 2001606299 | 2001606299 | 辽三/辽宁北配(第三批)/2292/ [索取号:P641/3] | 在馆 | |
| 17 | 2001606300 | 2001606300 | 辽三/辽宁北配(第三批)/2292/ [索取号:P641/3] | 在馆 |